Biblioteca

La encarnación : (Registro nro. 50386)

Detalles MARC
000 -LÍDER
Campo fijo de descripción fija 01438aab a2200205 4500
001 - NÚMERO DE CONTROL
Campo de control 768714001
003 - IDENTIFICADOR DEL NÚMERO DE CONTROL
Campo de control CO-MdFUSB
005 - FECHA Y HORA DE LA ULTIMA TRANSACCIÓN
control field 20250305122721.0
008 - ELEMENTOS DE LONGITUD FIJA -- INFORMACIÓN GENERAL
Campo fijo de descripción fija -- Información general 170818s1989 cr ||||| |||| 00| 0 spq d
040 ## - FUENTE DE CATALOGACIÓN
Agencia Catalogadora CO-MdFUSB
Idioma de catalogación spa
Agencia que realiza la transcripción CO-MdFUSB
Agencia que realiza la modificación CO-MdFUSB
041 ## - CÓDIGO DE IDIOMA
Código de idioma para texto/pista de sonido o título separado spa
100 1# - ASIENTO PRINCIPAL--NOMBRE PERSONAL
Nombre personal Garlington, Joseph
Término relacionador autor
245 10 - TÍTULO
Título La encarnación :
Subtitulo lo que reveló Jesús al padre
Mención de responsabilidad / Joseph Garlington
300 ## - DESCRIPCIÓN FÍSICA
Extensión Volumen 1. Número 12 (1989), páginas 223-224
Dimensiones : 28 cm.
520 ## - NOTA DE RESUMEN, ETC.
Nota de sumario, etc. El texto describe la misión de Jesús en la tierra y su propósito de revelar el carácter y la naturaleza de Dios Padre. Jesús vino a corregir la incomprensión de la humanidad sobre Dios, mostrando a través de su vida, ministerio y muerte el amor y la misericordia del Padre. A través de pasajes como Lucas 4:18-19, Jesús revela varios aspectos del Padre: su preocupación por los pobres, la libertad para los cautivos, la sanidad de los ciegos y su compasión por los oprimidos. Además, Jesús inaugura el "año favorable del Señor", un tiempo de liberación y favor para todos. Su ministerio de reconciliación tiene como objetivo que la humanidad se reconcilie con Dios, revelando la bondad divina y ofreciendo sanidad, libertad y restauración a través de Él.
650 #7 - ASIENTO SECUNDARIO DE MATERIA - TERMINO TEMÁTICO
Término temático o nombre geográfico como elemento de entrada Cristología
9 (RLIN) 239
773 0# - ASIENTO DE ITEM FUENTE
Título Conquista Cristiana
Biblionumber 49446
Itemnumber 60364
Parte(s) relacionada(s) / Volumen., número. (mes año), páginas Volumen 1. Número 12 (1989), páginas 223-224
Enumeración y primera página Página 223
942 ## - TIPO DE MATERIAL (KOHA)
Tipo de Item KOHA Artículos de Revista
945 ## - INFORMACIÓN LOCAL DEL REGISTRO
Catalogador JTF-925

No hay ítems disponibles.

Biblioteca FUSBC | Teléfono: (57+4) 349 88 10 Ext. 141| WhatsApp (+57) 3005338115 
E-mail: biblioteca@unisbc.edu.co | Calle 76 87-14 Robledo Palenque, Medellín, Colombia

Con tecnología Koha